Statistics for Provinces of Belgium

Click here to take the quiz!

General Stats

  • This quiz has been taken 360 times
  • The average score is 8 of 10

Answer Stats

Answer% Correct
Antwerp
89%
Luxembourg
88%
Liège
87%
East Flanders
86%
West Flanders
85%
Limburg
82%
Flemish Brabant
76%
Namur
74%
Hainaut
73%
Walloon Brabant
69%

Score Distribution

Percentile by Number Answered

Percent of People with Each Score

Your Score History

You have not taken this quiz